| 000 | 01529cam a2200361 i 4500 | ||
|---|---|---|---|
| 001 | 2997365 | ||
| 003 | EG-ScBUE | ||
| 005 | 20240229120002.0 | ||
| 008 | 930722t1993 inuab f b 001 0 eng d | ||
| 020 | _a0872201686 (pbk.) | ||
| 040 |
_aDLC _beng _erda _cDLC _dDLC _dEG-ScBUE |
||
| 041 | 1 |
_aeng _hgrc |
|
| 043 | _ae-gr--- | ||
| 082 | 0 | 4 |
_a938.007202 _222 _bTHU |
| 100 | 0 |
_aThucydides, _eauthor. _911119 |
|
| 240 | 1 | 0 |
_aHistory of the Peloponnesian War. _lEnglish. _kSelections |
| 245 | 1 | 0 |
_aOn justice, power, and human nature : _bthe essence of Thucydides' History of the Peloponnesian War / _cThucydides ; edited and translated by Paul Woodruff. |
| 264 | 1 |
_aIndianapolis, Indiana : _bHackett Publishing Company, _c[1993] |
|
| 264 | 4 | _cc1993 | |
| 300 |
_axxxv, 172 pages : _billustrations, maps ; _c22 cm |
||
| 336 |
_2rdacontent _atext _btxt |
||
| 337 |
_aunmediated _2rdamedia _bn |
||
| 338 |
_avolume _bnc _2rdacarrier |
||
| 504 | _aIncludes bibliographical references and index. | ||
| 546 | _aText in English ; translated from the original Greek. | ||
| 600 | 0 | 7 |
_aThucydides. _tHistory of the Peloponnesian War. _2BUEsh _911120 |
| 651 | 7 |
_aGreece _xHistory _yPeloponnesian War, 431-404 B.C. _xHistoriography. _2BUEsh _911121 |
|
| 655 | _vReading book | ||
| 700 | 1 |
_aWoodruff, Paul, _d1943- _eeditor, _etranslator. _911122 |
|
| 740 | 0 | _aThucydides on justice, power, and human nature. | |
| 942 |
_2ddc _cBB |
||
| 999 |
_c13317 _d13317 |
||